| 000 | 01408nam a2200433 i 4500 | ||
|---|---|---|---|
| 001 | 54933 | ||
| 003 | KOSZ 005 | ||
| 005 | 20200806111612.0 | ||
| 008 | 080319s2005 pl a f f |000 0 pol d | ||
| 020 | _a8390634554 | ||
| 040 |
_cKOSZ 005 _aKOSZ 005 _dKOSZ 005/HR |
||
| 041 | 0 | _apol | |
| 046 | _k2005 | ||
| 080 | _a637.5 | ||
| 080 | _a(07) | ||
| 100 |
_aJankiewicz, Leonard _eAutor |
||
| 245 | 1 | 0 |
_aTechnologia produkcji wędlin. _nCz. 3, _pWędzonki surowe / _coprac. Leonard Jankiewicz, Mirosław Słowiński. |
| 246 | 3 | 0 | _aWędzonki surowe |
| 250 | _aWyd. 2 popr. i uzup. | ||
| 260 |
_aWarszawa : _bPolskie Wydawnictwo Fachowe, _c2005. |
||
| 300 |
_a72 s. : _bwykr. ; _c21 cm. |
||
| 336 |
_2rdacontent _aTekst _btxt |
||
| 337 |
_2rdamedia _aBez urządzenia pośredniczącego _bn |
||
| 338 |
_2rdacarrier _aWolumin _bnc |
||
| 380 | _aKsiążki | ||
| 380 | _aPublikacje fachowe | ||
| 388 | _a2001- | ||
| 490 | 1 | _aMięso i Wędliny | |
| 504 | _aBibliogr. s. 72. | ||
| 650 | 7 | _aMięso | |
| 650 | 7 | _aWędliny | |
| 650 | 7 | _aTechnologia żywności | |
| 655 | _aPodręcznik | ||
| 658 | _aRolnictwo i leśnictwo | ||
| 700 | 1 |
_aSłowiński, Mirosław _c(technolog żywności) _eAutor |
|
| 830 | _aMięso i Wędliny | ||
| 856 |
_uhttp://koha.tu.koszalin.pl/cgi-bin/koha/opac-detail.pl?biblionumber=54933 _yKatalog online BPK |
||
| 942 |
_cKS _2UKD |
||
| 999 |
_c54933 _d54933 |
||